00664nam a2200169Ia 4500008004100000020001500041041000800056082001600064100003700080245014000117250000600257260003300263300001200296650003900308999001900347952012800366210716s2006 xx 000 0 und d a8126509171 aeng a004.65 OLIN aOlifer, Natalia, Olifer, Victor. aComputer networks: principles technologies and protocols for network design.bPrinciples technologies and protocols for network design. a1 aNew DelhibWiley Indiac2006 axxv,973 aCommunication Network Architecture c190353d190353 001040708MCAaAIMITbAIMITeCurrent Booksg499.00l0o004.65 OLINpMCA09861r2025-07-21 00:00:00v359.28w2021-07-16yBK